From Alexander to Constantine : (Record no. 36061)
[ view plain ]
| 000 -LEADER | |
|---|---|
| fixed length control field | 01117nam a2200289 a 4500 |
| 001 - CONTROL NUMBER | |
| control field | 36061 |
| 003 - CONTROL NUMBER IDENTIFIER | |
| rucl marc code | BD-RjUL |
| 005 - DATE AND TIME OF LATEST TRANSACTION | |
| control field | 20211209052428.0 |
| 008 - FIXED-LENGTH DATA ELEMENTS--GENERAL INFORMATION | |
| fixed length control field | 140615c19851956mdu b 001 0 eng d |
| 020 ## - INTERNATIONAL STANDARD BOOK NUMBER | |
| International Standard Book Number | 0819147575 (pbk. : alk. paper) : |
| 035 ## - SYSTEM CONTROL NUMBER | |
| System control number | (BD-RjUL)36158 |
| 040 ## - CATALOGING SOURCE | |
| Modifying agency | NNC |
| -- | BD-RjUL |
| Original cataloging agency | BD-RjUL |
| Language of cataloging | eng |
| Transcribing agency | BD-RjUL |
| 041 1# - LANGUAGE CODE | |
| Language code of text/sound track or separate title | enggrc |
| 082 0# - DEWEY DECIMAL CLASSIFICATION NUMBER | |
| Classification number | 320.09093 |
| Author mark and year | FRO 1956 |
| 090 ## - LOCALLY ASSIGNED LC-TYPE CALL NUMBER (OCLC); LOCAL CALL NUMBER (OCLC) | |
| Classification number (OCLC) (R) ; Classification number, CALL (RLIN) (NR) | H51 |
| Local cutter number (OCLC) ; Book number/undivided call number, CALL (RLIN) | .F73 1985 |
| 245 00 - TITLE STATEMENT | |
| Title | From Alexander to Constantine : |
| Remainder of title | passages and documents illustrating the history of social and political ideas, 336 B.C.-A.D. 337 / |
| Statement of responsibility, etc. | translated with introductions, notes, and essays by Ernest Barker. |
| 260 ## - PUBLICATION, DISTRIBUTION, ETC. (IMPRINT) | |
| Place of publication, distribution, etc. | Lanham : |
| Name of publisher, distributor, etc. | University Press of America, |
| Date of publication, distribution, etc. | 1985, c1956. |
| 300 ## - PHYSICAL DESCRIPTION | |
| Pagination | xxiv, 505 p. ; |
| Size | 22 cm. |
| 500 ## - GENERAL NOTE | |
| General note | Rev. ed. of: From Alexander to Constantine. 1956. |
| 504 ## - BIBLIOGRAPHY, ETC. NOTE | |
| Bibliography, etc | Includes bibliographical references and indexes. |
| 650 #0 - SUBJECT ADDED ENTRY--TOPICAL TERM | |
| Topical term or geographic name as entry element | Social sciences |
| General subdivision | History |
| Form subdivision | Sources. |
| 9 (RLIN) | 109765 |
| Topical term or geographic name as entry element | Political science |
| General subdivision | History |
| Form subdivision | Sources. |
| 9 (RLIN) | 109766 |
| 700 1# - ADDED ENTRY--PERSONAL NAME | |
| Personal name | Barker, Ernest, |
| Dates associated with a name | 1874-1960. |
| 942 ## - ADDED ENTRY ELEMENTS (KOHA) | |
| Source of classification or shelving scheme | Dewey Decimal Classification |
| Koha item type | Books |
| Lost status | Source of classification or shelving scheme | Damaged status | Not for loan | Collection code | Permanent Location | Current Location | Shelving location | Date acquired | Cost, normal purchase price | Total Checkouts | Full call number | Date last seen | Copy number | Koha item type |
|---|---|---|---|---|---|---|---|---|---|---|---|---|---|---|
| Dewey Decimal Classification | Not For Loan | Non-fiction | Central Library, University of Rajshahi | Central Library, University of Rajshahi | Reading Room | 28/10/1970 | 0.00 | 320.09093 FRO 1956 | 15/06/2014 | C-1 | Books |